|
|
|
|
| LEADER |
00000nam0a2200000 4500 |
| 001 |
131577 |
| 005 |
20231031134519.0 |
| 010 |
|
|
|a 5982981354
|
| 035 |
|
|
|a (RuTPU)RU\TPU\book\142504
|
| 090 |
|
|
|a 131577
|
| 100 |
|
|
|a 20080219d2007 m y0rusy50 ca
|
| 101 |
0 |
|
|a rus
|
| 102 |
|
|
|a RU
|
| 105 |
|
|
|a a z 000za
|
| 200 |
1 |
|
|a Этот царь беспощаден! 1946-1954
|e [воспоминания]
|f Г. П. Бурцев
|
| 210 |
|
|
|a Томск
|c Изд-во ТПУ
|d 2007
|
| 215 |
|
|
|a 468 с.
|c ил.
|
| 330 |
|
|
|a Выпускника знаменитого Томского политехнического университета Геннадия Бурцева не в шутку интересует очень многое в окружающем подлунном мире. На самом засекреченном производстве физико-техник черпал для обороны Родины неуловимый радиоактивный атом. Вернувшись оттуда еле живым, он исцелил себя контактами с экзотической природой, изучением неповторимого творчества даровитых архитекторов и народных умельцев. Постоянными спутниками неугомонного путешественника являются этюдник художника и дневник прозаика, поэта. В его четырнадцатый том всё неизгладимое вошло, что было связано с периодом от десяти до семнадцати лет. Тяжелейшее послевоенное время. Подростку то и дело мерещится, якобы он внезапно находит на дороге корочку, случайно затоптанную в песок. Невероятно обрадованный, тщательно отбирает несъедобное и... заманчивое видение прекращается, усилив прилив пищеварительных соков. Писатель то и дело восклицает: Война вроде бы закончилась, но она продолжается. Из хлебного магазина опять выносят мёртвых - погибли от удушья и нестерпимой давки в очереди за буханкой хлеба. Хотя эта интересная книга является вполне самостоятельной, но сначала прочитайте того же автора «Гену поднять!» С другой стороны, существенным дополнением «Царя» послужит «Люби и знай свой край».
|
| 600 |
|
1 |
|a Бурцев
|b Г. П.
|c российский художник
|c выпускник ФТФ ТПИ 1960
|f 1936-
|g Геннадий Павлович
|y Томск
|2 stltpush
|3 (RuTPU)RU\TPU\pers\7948
|
| 610 |
1 |
|
|a русская литература
|
| 610 |
1 |
|
|a проза
|
| 610 |
1 |
|
|a воспоминания
|
| 610 |
1 |
|
|a автобиографическая проза
|
| 700 |
|
1 |
|a Бурцев
|b Г. П.
|c российский художник
|c выпускник ФТФ ТПИ 1960
|f 1936-
|g Геннадий Павлович
|2 stltpush
|3 (RuTPU)RU\TPU\pers\7948
|
| 801 |
|
1 |
|a RU
|b 63413507
|c 20080219
|g PSBO
|
| 801 |
|
2 |
|a RU
|b 63413507
|c 20161017
|g PSBO
|
| 942 |
|
|
|c BK
|